| 000 | 00715nam a2200169 i 4500 | ||
|---|---|---|---|
| 001 | 84846 | ||
| 003 | ES-MaACL | ||
| 005 | 20230906175125.0 | ||
| 007 | t| | ||
| 008 | 041124s1984 sp ||||1| spa d | ||
| 111 | 2 |
_aJornadas Europeas sobre Servicios Públicos de Empleo y Política de Empleo ( _d1983. _cMadrid) _9825 |
|
| 245 | 1 | 0 |
_aJornadas Europeas sobre Servicios Públicos de Empleo y Política de Empleo _b: 1983, Madrid / _cInstituto de Estudios Laborales y de la Seguridad Social. |
| 260 |
_a[Madrid] : _bMinisterio de Trabajo y Seguridad Social, _c[1984] |
||
| 300 |
_a504 p. ; _c24 cm. |
||
| 710 | 2 |
_aInstituto de Estudios Laborales y de la Seguridad Social. _94915 |
|
| 852 |
_aES-MaACL _jL-7283 _bR.107413 |
||
| 999 |
_c84846 _d84846 |
||